Estadísticas para Países por Bandera y Forma #7

Haz click aquí para intentar la prueba.

Estadísticas generales

  • Esta prueba ha sido intentada 2.000 veces
  • La puntuación promedio es 13 de 16

Estadísticas de respuestas

Respuesta% Correcto
Portugal
99%
Colombia
97%
Macedonia del Norte
94%
Austria
93%
Georgia
93%
Estonia
92%
Tailandia
91%
República Dominicana
90%
Afganistán
87%
Chad
82%
Benín
77%
Sudán
76%
Botsuana
75%
Lesoto
71%
Granada
59%
Maldivas
53%

Distribución de puntuación

Porcentaje por número respondido

Porcentaje de gente con cada puntuación

Historial de tus puntuaciones

No has intentado esta prueba.